| 000 | 00401cas a22001695a 4500 | ||
|---|---|---|---|
| 001 | L158220 | ||
| 008 | 141017d20141981xxkzx p 0 a0eng u | ||
| 035 | _a(Sirsi) u158220 | ||
| 041 | 0 | _aeng | |
| 245 | 0 | 0 | _aRICS Appeal Cases |
| 260 |
_aEdinburgh _bRICS (Scottish Branch)c1967- |
||
| 362 | 0 | _a1967-1970 | |
| 554 | _aAnnual | ||
| 651 | 4 | _aScotland | |
| 690 | _aFinance and taxation | ||
| 942 | _n0 | ||
| 999 |
_c119396 _d119396 |
||